000 00433nam a2200133Ia 4500
008 100328s9999 xx 000 0 und d
082 _b74661
100 _aसहस्त्रबुद्धे जयंती विश्र्वनाथ.
245 _a9 महिने 9 दिवस.
260 _bआशा
630 _a9 महिने 9 दिवस.
730 _a9 महिने 9 दिवस.
942 _cBOOK
999 _c560382
_d560379